| 000 | 00471nam a22001577a 4500 | ||
|---|---|---|---|
| 005 | 20240207145241.0 | ||
| 008 | 231127b |||||||| |||| 00| 0 eng d | ||
| 041 | _aDeutch | ||
| 082 | _a340.5 CRO | ||
| 100 | _lDeutch | ||
| 245 |
_aInleidinge tot de Hollandsche Rechts-Geleerdheid / _cDe Groot, H |
||
| 260 |
_aArnhem : _bS. Gouda Quint, _c1910 |
||
| 300 |
_bxvi, 212 pages ; _c25 cm. |
||
| 650 |
_aLegal practice _bLaw |
||
| 942 |
_cBK _6ALISON_BN_VRIES |
||
| 999 |
_c964 _d964 |
||